QBs that you didn't know started in the playoffs - Statistics

General Stats
  • This quiz has been taken 20 times
  • The average score is 3 of 15
Answer Stats
Team Game(s) Answer % Correct
San Diego Chargers 2004 AFC Wild Card vs Jets Drew Brees
60%
St. Louis Rams 2003 NFC Divisional vs Panthers2004 Wild Card at Seahawks 2004 NFC Divisional at Falcons Marc Bulger
40%
Houston Texans 2016 AFC Wild Card vs Raiders2016 AFC Divisional at Patriots Brock Osweiler
33%
Miami Dolphins 2016 AFC Wild Card at Steelers Matt Moore
27%
Houston Texans 2015 AFC Wild Card vs Chiefs Brian Hoyer
20%
Oakland Raiders 2016 AFC Wild Card at Texans Connor Cook
20%
Minnesota Vikings 2012 NFC Wild Card at Packers Joe Webb
20%
Kansas City Chiefs 2010 AFC Wild Card vs Ravens Matt Cassel
20%
Washington Redskins 2007 NFC Wild Card at Seahawks Todd Collins
20%
Miami Dolphins 2005 AFC Wild Card vs Ravens Chad Pennington
13%
Houston Texans 2011 AFC Wild Card vs Bengals2011 AFC Divisional at Ravens T. J. Yates
13%
Baltimore Ravens 2003 NFC Wild Card vs Titans Anthony Wright
7%
Tampa Bay Bucs 2005 NFC Wild Card vs Redskins Chris Simms
7%
Washington Redskins 2005 NFC Wild Card at Bucs2005 NFC Divisional at Seahawks Mark Brunell
7%
Arizona Cardinals 2014 NFC Wild Card at Panthers Ryan Lindley
7%
No matching quizzes found
Score Distribution
Percent of People with Each Score
Percentile by Number Answered
Your Score History
You have not taken this quiz